[Event "Olympic Chess Competition"]
[Site "SchemingMind.com"]
[Date "2012.07.31"]
[Round "-"]
[White "James Reed"]
[Black "Mitch The Man"]
[Result "1-0"]
[WhiteCountry "ENG"]
[BlackCountry "USA"]
[WhiteElo "1535"]
[WhiteRD "70"]
[BlackElo "1357"]
[BlackRD "61"]
[GameID "315264"]

1. e4 e5 2. Nf3 d6 3. d4 f6 4. Bc4 Nd7 5. Nc3 Ne7 6. O-O Nb6 7. b3 Nxc4 8. bxc4 Ng6 9. h3 Be7 10. Re1 O-O
11. a3 Qe8 12. d5 a6 13. g4 Bd7 14. Qd3 b6 15. Nh2 h6 16. Bd2 Nf4 17. Bxf4 exf4 18. Ne2 Qg6 19. Nxf4 Qh7 20. Nf3 g5
21. Nh5 Qg6 22. Nd4 Kh8 23. Kg2 Rf7 24. f4 gxf4 25. Nxf4 Qg5 26. Nde6 Bxe6 27. Nxe6 Rc8 28. Nxg5
1-0

[Event "Olympic Chess Competition"]
[Site "SchemingMind.com"]
[Date "2012.07.31"]
[Round "-"]
[White "Mitch The Man"]
[Black "James Reed"]
[Result "0-1"]
[WhiteCountry "USA"]
[BlackCountry "ENG"]
[WhiteElo "1357"]
[WhiteRD "61"]
[BlackElo "1535"]
[BlackRD "70"]
[GameID "315265"]

1. e4 c5 2. Bc4 e6 3. e5 Nc6 4. Nf3 Qc7 5. O-O Nxe5 6. Nxe5 Qxe5 7. Re1 Qc7 8. Qf3 Nf6 9. Nc3 a6 10. Bd5 Bd6
11. Bc4 Bxh2+ 12. Kf1 Be5 13. Ne4 Nxe4 14. Qxe4 f6 15. Rb1 d5 16. Bxd5 exd5 17. Qxd5 Kf8 18. c4 Bf5 19. d3 Rd8 20. Qf3 Bxd3+
0-1

[Event "Olympic Chess Competition"]
[Site "SchemingMind.com"]
[Date "2012.08.01"]
[Round "-"]
[White "jacksrking"]
[Black "Mitch The Man"]
[Result "0-1"]
[WhiteCountry "USA"]
[BlackCountry "USA"]
[WhiteElo "1396"]
[WhiteRD "67"]
[BlackElo "1357"]
[BlackRD "61"]
[GameID "315328"]

1. e4 e5 2. Nf3 d6 3. Nc3 c6 4. d4 exd4 5. Nxd4 a6 6. Qf3 Qe7 7. Nf5 Bxf5 8. Qxf5 h6 9. Qc8+ Qd8 10. Qxb7 Nd7
0-1

[Event "Olympic Chess Competition"]
[Site "SchemingMind.com"]
[Date "2012.08.01"]
[Round "-"]
[White "jacksrking"]
[Black "James Reed"]
[Result "0-1"]
[WhiteCountry "USA"]
[BlackCountry "ENG"]
[WhiteElo "1422"]
[WhiteRD "68"]
[BlackElo "1598"]
[BlackRD "57"]
[GameID "315329"]

1. e4 c5 2. Nf3 d6 3. d4 cxd4 4. Nxd4 Nf6 5. Nc3 a6 6. Bg5 e6 7. Bd3 Be7 8. O-O O-O 9. Bxf6 Bxf6 10. Nf3 h6
11. a4 Bd7 12. a5 Bxc3 13. bxc3 Nc6 14. Nd4 Re8 15. Qh5 Nxd4 16. cxd4 e5 17. dxe5 dxe5
0-1

[Event "Olympic Chess Competition"]
[Site "SchemingMind.com"]
[Date "2012.08.02"]
[Round "-"]
[White "Mitch The Man"]
[Black "jacksrking"]
[Result "1-0"]
[WhiteCountry "USA"]
[BlackCountry "USA"]
[WhiteElo "1357"]
[WhiteRD "61"]
[BlackElo "1396"]
[BlackRD "67"]
[GameID "315330"]

1. e4 e5 2. Nf3 Nc6 3. Bc4 Nf6 4. d3 Bc5 5. O-O d6 6. h3 O-O 7. Ng5 h6 8. Nf3 Qe7 9. c3 Be6 10. Bxe6 Qxe6
11. b4
1-0

[Event "Olympic Chess Competition"]
[Site "SchemingMind.com"]
[Date "2012.08.02"]
[Round "-"]
[White "James Reed"]
[Black "jacksrking"]
[Result "1-0"]
[WhiteCountry "ENG"]
[BlackCountry "USA"]
[WhiteElo "1598"]
[WhiteRD "57"]
[BlackElo "1422"]
[BlackRD "68"]
[GameID "315331"]

1. e4 c5 2. Nf3 d6 3. d4 cxd4 4. Nxd4 Nf6 5. Nc3 a6 6. Bg5 e5 7. Nb3 h6 8. Bxf6 Qxf6 9. Nd5 Qh4 10. Nc7+ Kd8
11. Nxa8 Qxe4+ 12. Qe2 Qxe2+ 13. Bxe2
1-0

[Event "Olympic Chess Competition"]
[Site "SchemingMind.com"]
[Date "2012.08.01"]
[Round "-"]
[White "Rotceh"]
[Black "Mitch The Man"]
[Result "1-0"]
[WhiteCountry "MEX"]
[BlackCountry "USA"]
[WhiteElo "1531"]
[WhiteRD "150"]
[BlackElo "1357"]
[BlackRD "61"]
[GameID "315348"]

1. Nc3 e6 2. Nf3 f6 3. e4 Ne7 4. d4 Ng6 5. Bc4 Be7 6. Qe2 O-O 7. Be3 Kh8 8. h4 c6 9. h5 b5 10. hxg6 h6
11. Bb3 Bb4 12. Qd3 Qe7 13. e5 a5 14. Bxh6 Qe8 15. Bxg7+ Kxg7 16. Rh7+ Kg8 17. g7
1-0

[Event "Olympic Chess Competition"]
[Site "SchemingMind.com"]
[Date "2012.08.02"]
[Round "-"]
[White "Rotceh"]
[Black "jacksrking"]
[Result "0-1"]
[WhiteCountry "MEX"]
[BlackCountry "USA"]
[WhiteElo "1304"]
[WhiteRD "104"]
[BlackElo "1432"]
[BlackRD "68"]
[GameID "315349"]

1. Nc3 e5 2. Nf3 Nc6 3. d4 exd4 4. Nxd4 Nge7 5. e4 Nxd4 6. Qxd4 Nc6 7. Qe3 d6 8. Bc4 Be6 9. Bxe6 fxe6 10. Bd2 Qf6
11. O-O-O O-O-O 12. Qg3 g6 13. Bg5 Qe5 14. Qxe5 Nxe5 15. Bxd8 Kxd8 16. Nb5 a6 17. Nd4 Kd7 18. f4 Ng4 19. Rde1 Bg7 20. Nf3 Rf8
21. g3 h5 22. h3 Nf2 23. Rh2 Nxe4
0-1

[Event "Olympic Chess Competition"]
[Site "SchemingMind.com"]
[Date "2012.08.02"]
[Round "-"]
[White "Rotceh"]
[Black "James Reed"]
[Result "0-1"]
[WhiteCountry "MEX"]
[BlackCountry "ENG"]
[WhiteElo "1380"]
[WhiteRD "117"]
[BlackElo "1598"]
[BlackRD "57"]
[GameID "315350"]

1. Nc3 e5 2. Nf3 Nc6 3. d4 exd4 4. Nxd4 Nf6 5. Bg5 Bc5 6. Nb3 Bxf2+ 7. Kxf2 Ng4+ 8. Ke1 Qxg5 9. Ne4 Qf4 10. Ng3 Qf2+
11. Kd2 Ne3 12. Qc1 Ne5 13. Nd4 Nxf1+ 14. Qxf1 Nc4+ 15. Kd3 Qe3+ 16. Kxc4 d6 17. Qf3 b5+ 18. Nxb5 Be6+ 19. Kb4 Qc5+ 20. Ka4 Rb8
21. Nxc7+ Qxc7 22. Qc3 Qb6
0-1

[Event "Olympic Chess Competition"]
[Site "SchemingMind.com"]
[Date "2012.08.03"]
[Round "-"]
[White "Mitch The Man"]
[Black "Rotceh"]
[Result "1-0"]
[WhiteCountry "USA"]
[BlackCountry "MEX"]
[WhiteElo "1398"]
[WhiteRD "65"]
[BlackElo "1380"]
[BlackRD "117"]
[GameID "315351"]

1. e4 e5 2. Nf3 Nf6 3. d3 Nc6 4. Be2 d5 5. exd5 Nxd5 6. h3 Bc5 7. O-O f5 8. Bg5 Qd6 9. c4 Nf6 10. a3 Nd4
11. Nxd4 Bxd4 12. Bxf6 Qxf6 13. Ra2 O-O 14. Qa4 e4 15. Nc3 e3 16. Nd5 Qe5 17. f3 c6 18. Nc3 Bxc3 19. bxc3 Qxc3 20. Rc2 Qd4
21. Qb4 f4 22. Qe7 c5 23. Qh4 Qd6 24. Qe1 Bf5 25. Qb1 Bxd3 26. Bxd3 Qxd3 27. Qa2 Qd4 28. Kh2 Rf6 29. Qb1 b6 30. Rd1 Qe5
31. Re2 Qc3 32. Qe4 Rff8 33. Qd5+ Kh8 34. Rd3 Qf6 35. Qb7 Qf7 36. Rd7 Qg6 37. Kg1 Qb1+ 38. Kh2 Rg8 39. Rxg7
1-0

[Event "Olympic Chess Competition"]
[Site "SchemingMind.com"]
[Date "2012.08.03"]
[Round "-"]
[White "jacksrking"]
[Black "Rotceh"]
[Result "1-0"]
[WhiteCountry "USA"]
[BlackCountry "MEX"]
[WhiteElo "1432"]
[WhiteRD "68"]
[BlackElo "1304"]
[BlackRD "104"]
[GameID "315352"]

1. e4 e5 2. Nf3 Nf6 3. Nc3 Nc6 4. d4 d6 5. dxe5 Nxe5 6. Nxe5 dxe5 7. Qxd8+ Kxd8 8. Bg5 Bb4 9. a3 Ba5 10. Bc4 Ke8
11. b4 Bb6 12. O-O Bd4 13. Bxf6 gxf6 14. Rad1 Bxc3 15. Rd3 Bd4 16. Rf3 Ke7 17. h3 Be6 18. Bxe6 fxe6 19. c3 Bb6 20. g3 a5
21. bxa5 Rxa5 22. c4 Bc5 23. Rb1 b6 24. g4 Rxa3 25. Rfb3
1-0

[Event "Olympic Chess Competition"]
[Site "SchemingMind.com"]
[Date "2012.08.03"]
[Round "-"]
[White "James Reed"]
[Black "Rotceh"]
[Result "1-0"]
[WhiteCountry "ENG"]
[BlackCountry "MEX"]
[WhiteElo "1535"]
[WhiteRD "70"]
[BlackElo "1531"]
[BlackRD "150"]
[GameID "315353"]

1. e4 e5 2. Nf3 Nf6 3. Nxe5 d6 4. Nf3 Nxe4 5. Qe2 Qe7 6. Nc3 Nxc3 7. dxc3 Bg4 8. Bf4 Bxf3 9. gxf3 Nc6 10. O-O-O Ne5
11. Bh3 Ng6 12. Qc4 Qd8 13. Qa4+ Ke7 14. Rhe1+ Ne5 15. Bg5+ f6 16. Rxe5+ dxe5 17. Rd7+
1-0

[Event "Olympic Chess Competition"]
[Site "SchemingMind.com"]
[Date "2012.08.02"]
[Round "-"]
[White "mmccaffe"]
[Black "Mitch The Man"]
[Result "1-0"]
[WhiteCountry "USA"]
[BlackCountry "USA"]
[WhiteElo "1645"]
[WhiteRD "60"]
[BlackElo "1357"]
[BlackRD "61"]
[GameID "315377"]

1. e4 e5 2. Nf3 d6 3. Bc4 h6 4. Nc3 Nf6 5. O-O Be7 6. h3 O-O 7. Qe2 c6 8. d4 exd4 9. Nxd4 b5 10. Bb3 a6
11. Be3 Bd7 12. a4 b4 13. Nb1 c5 14. Nf5 Bxf5 15. exf5 Qd7 16. g4 Ra7 17. c3 d5 18. cxb4 Rc7 19. bxc5 Bxc5 20. Bxc5 Rxc5
21. Nc3 Re8 22. Qd2 Nc6 23. Rfe1 Rxe1+ 24. Rxe1 Nb4 25. Qd4 Nd3 26. Qxd3 Qd6 27. Ne4 Nxe4 28. Rxe4 Rc1+ 29. Bd1 Kh7 30. Qd2 Qc6
31. Rd4 Rc5 32. Bf3 Rc2 33. Qd3
1-0

[Event "Olympic Chess Competition"]
[Site "SchemingMind.com"]
[Date "2012.08.03"]
[Round "-"]
[White "mmccaffe"]
[Black "Rotceh"]
[Result "1-0"]
[WhiteCountry "USA"]
[BlackCountry "MEX"]
[WhiteElo "1622"]
[WhiteRD "59"]
[BlackElo "1304"]
[BlackRD "104"]
[GameID "315378"]

1. c4 e5 2. Nc3 Nf6 3. Nf3 d6 4. g3 Nc6 5. Bg2 Be6 6. d3 Qd7 7. O-O Bh3 8. Bd2 Bxg2 9. Kxg2 Be7 10. a3 O-O
11. b4 a6 12. e4 b6 13. Nd5 Nd4 14. Nxd4 exd4 15. Nxe7+ Qxe7 16. f4 c5 17. Qb3 Qc7 18. Rae1 Nd7 19. Rb1 Rfe8 20. a4 f5
21. Rfe1 fxe4 22. dxe4 Nf6 23. bxc5 bxc5 24. Qf3
1-0

[Event "Olympic Chess Competition"]
[Site "SchemingMind.com"]
[Date "2012.08.03"]
[Round "-"]
[White "mmccaffe"]
[Black "jacksrking"]
[Result "1-0"]
[WhiteCountry "USA"]
[BlackCountry "USA"]
[WhiteElo "1622"]
[WhiteRD "59"]
[BlackElo "1432"]
[BlackRD "68"]
[GameID "315379"]

1. c4 Nf6 2. Nc3 e5 3. Nf3 Nc6 4. d3 Bb4 5. Bd2 a6 6. g3 O-O 7. Bg2 d5 8. cxd5 Nxd5 9. O-O Nxc3 10. bxc3 Ba5
11. Qb3 b5 12. a4 Be6 13. Qb2 bxa4 14. Rxa4 Rb8 15. Qa3 Rb3 16. Qa1 Qb8 17. Ng5 h6 18. Nxe6 fxe6 19. Bxc6 Qb6 20. Rxa5 Qxc6
21. Rxa6 Qb7 22. Rxe6 Qa8 23. Qxa8 Rxa8 24. Rxe5 Ra2 25. Be3 Rxc3 26. Bd4 Rcc2 27. Re7 c5 28. Rxg7+ Kf8 29. Bf6 Rxe2 30. Rb1 Re8
31. Rbb7 Raa8 32. Rbf7#
1-0

[Event "Olympic Chess Competition"]
[Site "SchemingMind.com"]
[Date "2012.08.02"]
[Round "-"]
[White "mmccaffe"]
[Black "James Reed"]
[Result "1-0"]
[WhiteCountry "USA"]
[BlackCountry "ENG"]
[WhiteElo "1602"]
[WhiteRD "57"]
[BlackElo "1598"]
[BlackRD "57"]
[GameID "315380"]

1. e4 e5 2. Nf3 Nc6 3. Bb5 a6 4. Ba4 Nf6 5. O-O Be7 6. Re1 b5 7. Bb3 d6 8. c3 O-O 9. h3 Na5 10. Bc2 h6
11. d4 Bb7 12. Nbd2 exd4 13. cxd4 Nc4 14. Nxc4 bxc4 15. Qe2 d5 16. e5 Nd7 17. e6 Nf6 18. exf7+ Rxf7 19. Ne5 Qe8 20. Nxf7 Qxf7
21. Qxe7 Qxe7 22. Rxe7 Rc8 23. Bf4 a5 24. Rae1 Kf8 25. Rxc7 Rb8 26. Ree7 Kg8 27. Rxg7+ Kf8 28. Rcf7+ Ke8 29. Bxb8 Nh5 30. Re7+ Kf8
31. Rgf7+ Kg8 32. Bg6
1-0

[Event "Olympic Chess Competition"]
[Site "SchemingMind.com"]
[Date "2012.08.02"]
[Round "-"]
[White "Mitch The Man"]
[Black "mmccaffe"]
[Result "0-1"]
[WhiteCountry "USA"]
[BlackCountry "USA"]
[WhiteElo "1383"]
[WhiteRD "67"]
[BlackElo "1655"]
[BlackRD "62"]
[GameID "315381"]

1. e4 c5 2. c4 g6 3. e5 Bg7 4. d4 cxd4 5. Qxd4 Nc6 6. Qd1 Nxe5 7. Nc3 Qc7 8. Qb3 a6 9. Nd5 Qd8 10. Nb6 Rb8
11. Nxc8 Qxc8 12. Be2 Nf6 13. Nf3 Nxf3+ 14. Bxf3 O-O 15. O-O d6 16. Re1 Qc7 17. Bf4 b5 18. c5 Qxc5 19. Be3 Qc7 20. Rac1 Qa5
21. Ba7 Rbe8 22. Red1 Rc8 23. Rxc8 Rxc8 24. Bd4 Rc4 25. Bc3 Qc7 26. Be2 Rc6 27. Bf3 Rc4 28. Be2 Rc6 29. Bf3 Rc5 30. g3 Nd7
31. Bxg7 Kxg7 32. Qe3 Ne5 33. Bg2 Rc2 34. Qd4 f6 35. Be4 Rc4 36. Qe3 Qc5 37. Qxc5 Rxc5 38. Rd2 f5 39. Bb7 Rc1+ 40. Kg2 Nc4
41. Re2 Ra1 42. Rxe7+ Kg8 43. Bxa6 Rxa2 44. Bxb5 Nxb2 45. Re8+ Kg7 46. Re2 Kf6 47. Bc4 Ra4 48. Bb3 g5 49. Bxa4 Nxa4 50. Ra2 Nc3
51. Ra7 h5 52. Ra6 Ke5 53. Ra5+ Kf6 54. Ra6 Ke5 55. Ra5+ Kf6 56. Ra6 Ke5 57. Ra5+ Kf6= 58. Ra6 Ke5 59. Ra5+ Kf6 60. Ra6 Ke5
61. Ra3 Nd5 62. h3 f4 63. Kf3 fxg3 64. Kxg3 Nf4 65. Re3+ Kf5 66. f3 d5 67. Re8 h4+ 68. Kh2 d4 69. Rf8+ Ke5 70. Re8+ Kd5
71. Rd8+ Kc4 72. Rg8 d3 73. Rxg5 d2 74. Rg1 Kd3
0-1

[Event "Olympic Chess Competition"]
[Site "SchemingMind.com"]
[Date "2012.08.03"]
[Round "-"]
[White "Rotceh"]
[Black "mmccaffe"]
[Result "0-1"]
[WhiteCountry "MEX"]
[BlackCountry "USA"]
[WhiteElo "1380"]
[WhiteRD "117"]
[BlackElo "1602"]
[BlackRD "57"]
[GameID "315382"]

1. Nc3 Nf6 2. Nf3 g6 3. d4 Bg7 4. e4 d6 5. Be3 O-O 6. Qd2 Nbd7 7. Bh6 c5 8. Bc4 cxd4 9. Nxd4 a6 10. O-O b5
11. Bb3 Bb7 12. Bxg7 Kxg7 13. Rfe1 Qc7 14. Nd5 Nxd5 15. exd5 Rfe8 16. Re2 Nc5 17. a3 Nxb3 18. Nxb3 Qc4 19. Rd1 Rac8 20. Na5 Qc7
21. b4 Ba8
0-1

[Event "Olympic Chess Competition"]
[Site "SchemingMind.com"]
[Date "2012.08.03"]
[Round "-"]
[White "jacksrking"]
[Black "mmccaffe"]
[Result "1/2-1/2"]
[WhiteCountry "USA"]
[BlackCountry "USA"]
[WhiteElo "1422"]
[WhiteRD "68"]
[BlackElo "1602"]
[BlackRD "57"]
[GameID "315383"]

1. e4 c5 2. Nf3 d6 3. d4 cxd4 4. Nxd4 Nf6 5. Nc3 a6 6. h3 e5 7. Nf5 Bxf5 8. exf5 Be7 9. Nd5 Nxd5 10. Qxd5 Nc6
11. Bc4 O-O 12. Be3 Qa5+ 13. Qxa5 Nxa5 14. Bd5 Rac8 15. O-O-O Nc6=
1/2-1/2

[Event "Olympic Chess Competition"]
[Site "SchemingMind.com"]
[Date "2012.08.02"]
[Round "-"]
[White "James Reed"]
[Black "mmccaffe"]
[Result "0-1"]
[WhiteCountry "ENG"]
[BlackCountry "USA"]
[WhiteElo "1598"]
[WhiteRD "57"]
[BlackElo "1602"]
[BlackRD "57"]
[GameID "315384"]

1. e4 c5 2. Nf3 d6 3. d4 cxd4 4. Nxd4 Nf6 5. Nc3 a6 6. Bg5 e6 7. Bc4 Be7 8. O-O Qc7 9. Bb3 O-O 10. Re1 Nc6
11. a3 b5 12. h3 Bd7 13. Nxc6 Bxc6 14. Bxf6 Bxf6 15. Qd2 Rfd8 16. Qe2 Bb7 17. Rad1 Bxc3 18. Rf1 Bxb2 19. a4 b4 20. Qc4 Qxc4
21. Bxc4 Rac8 22. Bd3 d5 23. Rb1 Bc3 24. Kh2 dxe4 25. Be2 Rd2 26. Bg4 Be5+ 27. g3 Rcxc2 28. Kg1 e3 29. Rbc1 Rxc1 30. Rxc1 exf2+
31. Kf1 Bxg3 32. Be2 g6 33. a5 Rxe2 34. Kxe2 Bg2
0-1

[Event "Olympic Chess Competition"]
[Site "SchemingMind.com"]
[Date "2012.08.02"]
[Round "-"]
[White "Holty"]
[Black "Mitch The Man"]
[Result "1-0"]
[WhiteCountry "ENG"]
[BlackCountry "USA"]
[WhiteElo "1742"]
[WhiteRD "59"]
[BlackElo "1398"]
[BlackRD "65"]
[GameID "315413"]

1. d4 d5 2. Nf3 f6 3. c4 g6 4. Nc3 c6 5. Bf4 dxc4 6. e4 b5 7. b3 Ba6 8. bxc4 bxc4 9. Be2 Qa5 10. Bd2 Qa3
11. Qc1 Qxc1+ 12. Rxc1 Nh6 13. Na4 c3 14. Nxc3 Bxe2 15. Nxe2 Nf7 16. Nf4 Bh6 17. Ne6 Na6 18. Bxh6 Nxh6 19. a3 Kd7 20. O-O Rhc8
21. Nf4 Rab8 22. Rb1 Rxb1 23. Rxb1 Rc7 24. h3 Nf7 25. Nd3 Nd8 26. Nd2 Nb7 27. Nb3 Ke8 28. Nbc5 Nbxc5 29. Nxc5 Nxc5 30. dxc5 Kf7
31. a4 g5 32. a5 h5 33. a6 Ke8 34. Rd1 Rd7 35. Rb1 Kd8 36. Kh2 Kc8 37. Re1 Rd4 38. f3 Rc4 39. Rb1 Ra4 40. Rb7 Rxa6
41. Rxe7 Ra5 42. Rf7 Rxc5 43. Rxa7 Kb8 44. Rf7 g4 45. hxg4 hxg4 46. Rxf6 Rh5+ 47. Kg3
1-0

[Event "Olympic Chess Competition"]
[Site "SchemingMind.com"]
[Date "2012.08.03"]
[Round "-"]
[White "Holty"]
[Black "Rotceh"]
[Result "1-0"]
[WhiteCountry "ENG"]
[BlackCountry "MEX"]
[WhiteElo "1732"]
[WhiteRD "58"]
[BlackElo "1304"]
[BlackRD "104"]
[GameID "315414"]

1. d4 Nf6 2. c4 e6 3. Nc3 d5 4. Bg5 Be7 5. Nf3 Ne4 6. Bxe7 Nxc3 7. Bxd8 Nxd1 8. Rxd1 Kxd8 9. Ne5 Rf8 10. e3 f6
11. Nf3 Nc6 12. a3 Bd7 13. Bd3 g6 14. b4 a5 15. b5 Na7 16. Rb1 b6 17. a4 dxc4 18. Bxc4 Nc8 19. Rc1 Nd6 20. Bb3 Nf5
21. O-O Bc8 22. Rfd1 Ne7 23. Rc3 Nd5 24. Bxd5 exd5 25. Nd2 Bf5 26. Rdc1 Rc8 27. h3 g5 28. Re1 Bg6 29. Nf3 h6 30. Nd2 Re8
31. Rc6 Rf8 32. Nf3 Be8 33. Rcc1 c6 34. Nd2 cxb5 35. axb5 Bxb5 36. Nb1 Kd7 37. Nc3 Bc4 38. Na4 Rb8 39. e4 Kd6 40. Nb2 b5
41. e5+ fxe5 42. dxe5+ Ke6 43. Rb1 a4 44. Nxc4 dxc4 45. Rbd1 Rfd8 46. Rb1 Rd5 47. Rec1 Rxe5 48. Rxc4 bxc4 49. Rxb8 Re1+ 50. Kh2 Kd7
51. Rb4 a3 52. Rb7+ Kd6 53. Ra7 c3 54. Rxa3 c2 55. Rc3
1-0

[Event "Olympic Chess Competition"]
[Site "SchemingMind.com"]
[Date "2012.08.02"]
[Round "-"]
[White "Holty"]
[Black "mmccaffe"]
[Result "1-0"]
[WhiteCountry "ENG"]
[BlackCountry "USA"]
[WhiteElo "1742"]
[WhiteRD "65"]
[BlackElo "1645"]
[BlackRD "60"]
[GameID "315416"]

1. d4 Nf6 2. Nf3 g6 3. c4 Bg7 4. Nc3 O-O 5. e4 d6 6. Be2 e5 7. d5 a5 8. Bg5 Qe8 9. O-O h6 10. Bxf6 Bxf6
11. b3 Bg7 12. Rc1 Na6 13. Qc2 f5 14. Bd3 f4 15. Nb5 Rf7 16. c5 Nb4 17. Qb1 Nxd3 18. Qxd3 Bf8 19. cxd6 Bxd6 20. Rc2 g5
21. Rfc1 g4 22. Nd2 f3 23. g3 h5 24. Nc4 Bc5 25. Ne3 Bb6 26. Rxc7 Bxc7 27. Rxc7 h4 28. Nd6 Qf8 29. Nxf7 hxg3 30. hxg3 Qg7
31. Kf1 Qh7 32. Ke1 Qh1+ 33. Qf1 Qh5 34. Nd6
1-0

[Event "Olympic Chess Competition"]
[Site "SchemingMind.com"]
[Date "2012.08.02"]
[Round "-"]
[White "Holty"]
[Black "James Reed"]
[Result "0-1"]
[WhiteCountry "ENG"]
[BlackCountry "ENG"]
[WhiteElo "1742"]
[WhiteRD "65"]
[BlackElo "1535"]
[BlackRD "70"]
[GameID "315417"]

1. d4 d5 2. Nf3 Nf6 3. Bg5 e6 4. c4 Be7 5. e3 O-O 6. Nc3 Nbd7 7. Bd3 dxc4 8. Bxc4 c5 9. Qc2 Nb6 10. Bd3 c4
11. Be2 h6 12. Bxf6 Bxf6 13. O-O a6 14. a4 Re8 15. Ne4 Nd5 16. Qxc4 Be7 17. Rfc1 b6 18. Ne5 Bb7 19. Nd3 Nxe3 20. fxe3 Bxe4
21. Qc2 Bg5 22. Qd2 Qf6 23. Ne5 Rad8 24. Rf1 Qxe5 25. Bxa6 Qa5 26. Qe2 e5 27. Bb5 exd4 28. Bxe8 Bxe3+ 29. Kh1 Rxe8 30. Qg4 Qd2
31. b3 Qb2 32. Rfe1 Qxb3 33. Qe2 d3 34. Qa2 Qxa2 35. Rxa2 Rc8 36. h3 Rc2 37. Raa1 Bxg2+ 38. Kh2 Bc6+ 39. Kg3 Rg2+ 40. Kh4 Bf2+
41. Kh5 Bf3#
0-1

[Event "Olympic Chess Competition"]
[Site "SchemingMind.com"]
[Date "2012.08.03"]
[Round "-"]
[White "Mitch The Man"]
[Black "Holty"]
[Result "0-1"]
[WhiteCountry "USA"]
[BlackCountry "ENG"]
[WhiteElo "1398"]
[WhiteRD "65"]
[BlackElo "1742"]
[BlackRD "59"]
[GameID "315418"]

1. e4 e5 2. Nf3 Nf6 3. Bd3 Nxe4 4. Bxe4 d5 5. Bd3 e4 6. Qe2 Qe7 7. O-O exd3 8. Qxd3 c6 9. Re1 Be6 10. Nd4 g6
11. Nxe6 fxe6 12. Qh3 Kd7 13. d4 h6 14. Bf4 Bg7 15. c3 Na6 16. Nd2 g5 17. Bg3 h5 18. f3 Raf8 19. Re2 Rh6 20. Rae1 Rff6
21. Be5 Rfg6 22. Bxg7 Qxg7 23. Nb3 b6 24. Qg3 g4 25. f4 h4 26. Qd3 Nc7 27. a4 Rf6 28. Rf1 Qf7 29. Qe3 Ne8 30. a5 Ng7
31. axb6 Ke8 32. bxa7 Qxa7 33. Ra1 Qc7 34. Ra8+ Kf7 35. Rf2 Qb7 36. Ra3 Qc7 37. Nc5 Nf5 38. Qe5 Qxe5 39. fxe5 Rfg6 40. Nd7 g3
41. Rf3 h3 42. hxg3 h2+ 43. Kh1 Rxg3 44. Rf2 Kg7 45. Nf6 Kf7 46. Ra7+ Kf8 47. Nh7+ Ke8 48. Nf6+ Kd8 49. Ra8+ Kc7 50. Ne8+ Kb7
51. Ra3 Re3 52. Rb3+ Kc8 53. Nd6+ Nxd6
0-1

[Event "Olympic Chess Competition"]
[Site "SchemingMind.com"]
[Date "2012.08.03"]
[Round "-"]
[White "Rotceh"]
[Black "Holty"]
[Result "0-1"]
[WhiteCountry "MEX"]
[BlackCountry "ENG"]
[WhiteElo "1380"]
[WhiteRD "117"]
[BlackElo "1742"]
[BlackRD "59"]
[GameID "315419"]

1. Nc3 d5 2. e4 e6 3. Bb5+ c6 4. Ba4 d4 5. Nce2 e5 6. Nf3 Bd6 7. Ng3 Nf6 8. d3 Qa5+ 9. Qd2 Qxa4 10. O-O h6
11. b3 Qb5 12. Bb2 Bb4 13. Qc1 Bd6 14. Qd2 Qb6 15. Qe2 Bg4 16. h3 Be6 17. Qd2 Nbd7 18. Qe2 g6 19. Qd2 O-O-O 20. Nh2 Ne8
21. Qc1 Nc5 22. Ne2 Ng7 23. Ng3 Rdf8 24. Qd1 f5 25. f3 f4 26. Nh1 Nh5 27. Kf2 Qd8 28. Ke2 Ng3+ 29. Nxg3 fxg3 30. Ng4 h5
31. Qe1 hxg4 32. hxg4 Nd7 33. Qxg3 Be7 34. Qe1 Rh2 35. Rg1 Rfh8 36. Kd2 Bg5+ 37. Kd1 Be3 38. Rf1 Rxg2
0-1

[Event "Olympic Chess Competition"]
[Site "SchemingMind.com"]
[Date "2012.08.02"]
[Round "-"]
[White "mmccaffe"]
[Black "Holty"]
[Result "0-1"]
[WhiteCountry "USA"]
[BlackCountry "ENG"]
[WhiteElo "1645"]
[WhiteRD "60"]
[BlackElo "1742"]
[BlackRD "65"]
[GameID "315421"]

1. c4 e5 2. Nc3 Nc6 3. Nf3 Nf6 4. g3 d5 5. cxd5 Nxd5 6. d3 Bb4 7. Bd2 Nf6 8. Bg2 O-O 9. O-O Qd7 10. a3 Be7
11. Qb3 Rb8 12. Rfd1 h6 13. Rac1 Na5 14. Qb5 Nc6 15. Ne4 a6 16. Qc4 Qe6 17. Nc5 Qxc4 18. Rxc4 b5 19. Rc2 Bd6 20. Nxa6 Rb6
21. Nc5 Re8 22. Rdc1 Na7 23. h3 c6 24. Be3 Nd5 25. Bd2 f6 26. Ne4 Be7 27. Nc3 g5 28. Nxd5 cxd5 29. Rc6 Nxc6
0-1

[Event "Olympic Chess Competition"]
[Site "SchemingMind.com"]
[Date "2012.08.02"]
[Round "-"]
[White "James Reed"]
[Black "Holty"]
[Result "0-1"]
[WhiteCountry "ENG"]
[BlackCountry "ENG"]
[WhiteElo "1535"]
[WhiteRD "70"]
[BlackElo "1742"]
[BlackRD "65"]
[GameID "315422"]

1. e4 e5 2. Nf3 Nf6 3. Nxe5 d6 4. Nf3 Nxe4 5. d4 d5 6. Bd3 Bd6 7. O-O O-O 8. c4 Bg4 9. cxd5 f5 10. Nc3 Re8
11. h3 Bh5 12. Re1 Bxf3 13. gxf3 Nxf2 14. Kxf2 Qh4+ 15. Kg2 Rxe1 16. Qc2 Qg3#
0-1

[Event "Olympic Chess Competition"]
[Site "SchemingMind.com"]
[Date "2012.08.02"]
[Round "-"]
[White "kubinet"]
[Black "Mitch The Man"]
[Result "1-0"]
[WhiteCountry "GER"]
[BlackCountry "USA"]
[WhiteElo "1690"]
[WhiteRD "58"]
[BlackElo "1398"]
[BlackRD "66"]
[GameID "315426"]

1. e4 e5 2. Nf3 d6 3. d4 Qe7 4. dxe5 dxe5 5. Nc3 c6 6. h3 f6 7. Bc4 Be6 8. Bxe6 Qxe6 9. O-O Ne7 10. Na4 Ng6
11. Be3 Nd7 12. Qd2 Be7 13. Rad1 O-O 14. Qxd7 Qxd7 15. Rxd7 b6 16. Rfd1 c5 17. Nc3 a6 18. Nd5 Rfe8 19. Nxb6 Rab8 20. Nc4 Ra8
21. b3 Nf8 22. Rc7 Ne6 23. Rcd7 Bf8 24. c3 Nf4 25. Kh2 Ne2 26. R7d3 Nf4 27. Bxf4 exf4 28. Nd6 Bxd6 29. Rxd6 Rxe4 30. R1d2 h6
31. c4 Kh7 32. Rc6 a5 33. Rxc5 a4 34. b4 Rae8 35. Nd4 Rd8 36. Rd5
1-0

[Event "Olympic Chess Competition"]
[Site "SchemingMind.com"]
[Date "2012.08.03"]
[Round "-"]
[White "kubinet"]
[Black "Rotceh"]
[Result "1-0"]
[WhiteCountry "GER"]
[BlackCountry "MEX"]
[WhiteElo "1690"]
[WhiteRD "58"]
[BlackElo "1304"]
[BlackRD "104"]
[GameID "315427"]

1. e4 e5 2. Nf3 Nf6 3. Nxe5 d6 4. Nf3 Nxe4 5. d4 d5 6. Bd3 Be7 7. O-O Nc6 8. Re1 Bg4 9. c3 f5 10. Be3 O-O
11. h3 Bh5 12. Nbd2 Qd7 13. Bf4 g5 14. Bh2 Rae8 15. c4 Nxd2 16. Qxd2 Bxf3 17. gxf3 f4 18. Qc2 Bb4 19. Re2 Nxd4 20. Qd1 Nxe2+
21. Bxe2
1-0

[Event "Olympic Chess Competition"]
[Site "SchemingMind.com"]
[Date "2012.08.03"]
[Round "-"]
[White "kubinet"]
[Black "jacksrking"]
[Result "1-0"]
[WhiteCountry "GER"]
[BlackCountry "USA"]
[WhiteElo "1690"]
[WhiteRD "58"]
[BlackElo "1432"]
[BlackRD "68"]
[GameID "315428"]

1. e4 c5 2. Nf3 d6 3. Bb5+ Bd7 4. Bxd7+ Nxd7 5. O-O Ngf6 6. Qe2 Qb6 7. b3 e5 8. Bb2 Be7 9. c3 O-O 10. d4 cxd4
11. cxd4 exd4 12. Nxd4 a6 13. Nf5 Rfe8 14. Rd1 g6 15. Nxe7+ Rxe7 16. Bd4 Qb5 17. Qxb5 axb5 18. f3 Rae8 19. Nc3 b4 20. Nb5 Rc8
21. Nxd6 Rc7 22. Nc4 h5 23. h4 Nc5 24. Bxf6 Red7 25. Nb6 Rxd1+ 26. Rxd1 Rc6 27. Rd8+ Kh7 28. Rh8#
1-0